House of holes : (Record no. 683)

000 -LEADER
fixed length control field 01645nam a22003857a 4500
001 - CONTROL NUMBER
control field 16542955
003 - CONTROL NUMBER IDENTIFIER
control field OSt
005 - DATE AND TIME OF LATEST TRANSACTION
control field 20210421065503.0
008 - FIXED-LENGTH DATA ELEMENTS--GENERAL INFORMATION
fixed length control field 101118s2011 nyu 000 1 eng
010 ## - LIBRARY OF CONGRESS CONTROL NUMBER
LC control number 2010047433
020 ## - INTERNATIONAL STANDARD BOOK NUMBER
International Standard Book Number 9781439189511 (hardcover)
020 ## - INTERNATIONAL STANDARD BOOK NUMBER
International Standard Book Number 143918951X (hardcover)
035 ## - SYSTEM CONTROL NUMBER
System control number (OCoLC)ocn682903247
040 ## - CATALOGING SOURCE
Original cataloging agency DLC
Transcribing agency DLC
Modifying agency YDX
-- YDXCP
-- ON8
-- ZS3
-- BPT
-- ILC
-- ABG
-- MLY
-- BWX
-- BTCTA
-- DLC
041 ## - LANGUAGE CODE
Language code of text/sound track or separate title eng
042 ## - AUTHENTICATION CODE
Authentication code pcc
050 00 - LIBRARY OF CONGRESS CALL NUMBER
Classification number PS3552.A4325
Item number H68 2011
080 ## - UNIVERSAL DECIMAL CLASSIFICATION NUMBER
Universal Decimal Classification number 821.111
Item number B-17
082 00 - DEWEY DECIMAL CLASSIFICATION NUMBER
Classification number 813/.54
Edition number 22
100 1# - MAIN ENTRY--PERSONAL NAME
Personal name Baker, Nicholson.
245 10 - TITLE STATEMENT
Title House of holes :
Remainder of title a book of raunch /
Statement of responsibility, etc. Nicholson Baker.
250 ## - EDITION STATEMENT
Edition statement 1st Simon & Schuster hardcover ed.
260 ## - PUBLICATION, DISTRIBUTION, ETC.
Place of publication, distribution, etc. New York :
Name of publisher, distributor, etc. Simon & Schuster,
Date of publication, distribution, etc. 2011.
300 ## - PHYSICAL DESCRIPTION
Extent 262 p. ;
Dimensions 23 cm.
365 ## - TRADE PRICE
Price amount 25 usd
520 ## - SUMMARY, ETC.
Summary, etc. Presents an explicit new tale of carnal improprieties and comic raunchiness set in a surreal but familiar world of fantasy sex.
520 ## - SUMMARY, ETC.
Summary, etc. A fuse-blowing, sex-positive escapade. Baker returns to erotic territory with a gleefully over-the-top novel set in a pleasure resort where normal rules don't apply. In charge of day-to-day operations is Lila, a former hospital administrator whose breast milk has unusual regenerative properties.
650 #0 - SUBJECT ADDED ENTRY--TOPICAL TERM
Topical term or geographic name entry element Resorts
Form subdivision Fiction.
650 #0 - SUBJECT ADDED ENTRY--TOPICAL TERM
Topical term or geographic name entry element English literature
9 (RLIN) 254
653 ## - INDEX TERM--UNCONTROLLED
Uncontrolled term ინგლისური ლიტერატურა
655 #7 - INDEX TERM--GENRE/FORM
Genre/form data or focus term Erotic fiction.
Source of term gsafd
906 ## - LOCAL DATA ELEMENT F, LDF (RLIN)
a 7
b cbc
c orignew
d 1
e ecip
f 20
g y-gencatlg
942 ## - ADDED ENTRY ELEMENTS (KOHA)
Source of classification or shelving scheme
Koha item type Books
Edition 1
Holdings
Withdrawn status Lost status Source of classification or shelving scheme Damaged status Not for loan Permanent location Current location Date acquired Inventory number Total Checkouts Full call number Barcode Date last seen Price effective from Koha item type
          Ken Walker International University Ken Walker International University 12/16/2020 685   821.111 B-17 685 12/16/2020 12/16/2020 Books

Powered by Koha